The Boy who cried wolf : (Record no. 106190)
[ view plain ]
| 000 -LEADER | |
|---|---|
| fixed length control field | 00448nam a2200145 a 4500 |
| 005 - DATE AND TIME OF LATEST TRANSACTION | |
| control field | 20140412111425.0 |
| 008 - FIXED-LENGTH DATA ELEMENTS--GENERAL INFORMATION | |
| fixed length control field | 080205s19uu xx 00 eng d |
| 020 ## - INTERNATIONAL STANDARD BOOK NUMBER | |
| International Standard Book Number | 971-518-112-9 |
| 050 ## - LIBRARY OF CONGRESS CALL NUMBER | |
| Classification number | Fil E |
| Item number | Bo63 2007 |
| 100 ## - MAIN ENTRY--PERSONAL NAME | |
| Personal name | Pastor, Boots |
| 245 ## - TITLE STATEMENT | |
| Title | The Boy who cried wolf : |
| Remainder of title | Ang Batang nagsisinungaling tungkol sa lobo / |
| Statement of responsibility, etc | Boots Pastor. |
| 260 ## - PUBLICATION, DISTRIBUTION, ETC. (IMPRINT) | |
| Place of publication, distribution, etc | Philippines : |
| Name of publisher, distributor, etc | Lampara, |
| Date of publication, distribution, etc | 2007. |
| 440 ## - SERIES STATEMENT/ADDED ENTRY--TITLE | |
| Title | Stories with Moral Lessons |
| Withdrawn status | Lost status | Damaged status | Home library | Current library | Shelving location | Date acquired | Source of acquisition | Total Checkouts | Full call number | Barcode | Date last seen | Price effective from | Koha item type |
|---|---|---|---|---|---|---|---|---|---|---|---|---|---|
| Elizalde Library | Elizalde Library | Filipiniana Section | 02/05/2008 | Fil E Bo63 2007 | E11398 | 04/12/2014 | 04/12/2014 | Books |